000 00895nam a2200301 i 4500
001 020572352
003 Uk
005 20260125112034.0
008 220301s2022 enk 000|0|eng|d
015 _aGBC277210
_2bnb
016 7 _a020572352
_2Uk
020 _a9781399402385
_qpaperback
020 _z9781399402347
_qebook
040 _aStDuBDS
_beng
_cStDuBDS
_erda
_duoc
082 0 4 _a658.409
_223
_bBLO
245 0 0 _aSucceed as a new manager :
_bhow to inspire your team and be a great boss.
264 1 _aLondon :
_bBloomsbury Business,
_c2022.
264 4 _c©Bloomsbury Publishing plc,2022
300 _a95 pages ;
_c18 cm.
336 _atext
_2rdacontent
_btxt
337 _aunmediated
_2rdamedia
_bn
338 _avolume
_2rdacarrier
_bnc
490 0 _aBusiness essentials
504 _aIncludes index
650 0 _aManagement.
650 0 _aSuccess in business.
942 _2ddc
_cBK
999 _c1767
_d1767